Gaceta Oficial. Actos del poder legislativoNo. 10861. Resolución No. 670.16 aprueba contrato préstamo No. 8540-DO, Financimiento apoyo Proyecto Nacional del Pacto para la Educación (Record no. 9575)

MARC details
000 -LEADER
campo de control de longitud fija 00533nam a2200145Ia 4500
001 - NÚMERO DE CONTROL
campo de control 4547
008 - DATOS DE LONGITUD FIJA--INFORMACIÓN GENERAL
campo de control de longitud fija 241024s9999 xx 000 0 und d
082 ## - NÚMERO DE LA CLASIFICACIÓN DECIMAL DEWEY
Número de clasificación RD/344.07/R426g/2016
100 ## - ENTRADA PRINCIPAL--NOMBRE DE PERSONA
Nombre de persona República Dominicana. Congreso Nacional
245 #0 - MENCIÓN DEL TÍTULO
Título Gaceta Oficial. Actos del poder legislativoNo. 10861. Resolución No. 670.16 aprueba contrato préstamo No. 8540-DO, Financimiento apoyo Proyecto Nacional del Pacto para la Educación
260 ## - PUBLICACIÓN, DISTRIBUCIÓN, ETC.
Nombre del editor, distribuidor, etc. Santo Domingo
Fecha de publicación, distribución, etc. 2016
590 ## - NOTA LOCAL (RLIN)
Nota local si
901 ## - ELEMENTOS DE DATOS A LOCAL LDA (RLIN)
a 14/11/2016 3:54:20 p.m.

No items available.

© 2024. Todos los Derechos Reservados. Desarrollado por IDEICE